Statistics for The Needle Drop - Top 200 Albums of the 2010s

Click here to take the quiz!

General Stats

  • This quiz has been taken 90 times
  • The average score is 65 of 200

Answer Stats

AlbumArtist% Correct
1. To Pimp A ButterflyKendrick Lamar
95%
54. The Life of PabloKanye West
88%
115. Flower Boy | 20. IGORTyler, the Creator
86%
12. BlackstarDavid Bowie
85%
6. CharliCharli XCX
83%
7. KIDS SEE GHOSTSKids See Ghosts
80%
82. WHEN WE FALL ASLEEP, WHERE DO WE GO?Billie Eilish
77%
3. The Money Store | 50. The Powers That BDeath Grips
77%
13. Plastic BeachGorillaz
77%
48. BlondeFrank Ocean
75%
180. The Night's GambitKA
75%
166. Live. Love. A$APA$AP Rocky
74%
127. LemonadeBeyonce
74%
178. 4:44Jay-Z
74%
94. A Moon Shaped PoolRadiohead
69%
100. Random Access MemoriesDaft Punk
68%
10. Atrocity ExhibitionDanny Brown
68%
11. Pure ComedyFather John Misty
68%
161. Norman Fucking Rockwell!Lana Del Rey
68%
21. Saturation, Saturation II + Saturation IIIBROCKHAMPTON
66%
88. RodeoTravis Scott
66%
98. Run the Jewels 2Run the Jewels
65%
2. To Be KindSwans
65%
187. If You're Reading This It's Too LateDrake
63%
134. James BlakeJames Blake
63%
4. You Won't Get What You WantDaughters
60%
126. Some Rap SongsEarl Sweatshirt
60%
8. Helplessness BluesFleet Foxes
60%
184. Congratulations | 86. Little Dark AgeMGMT
60%
181. E*MO*TIONCarly Rae Jepsen
58%
5. This Is HappeningLCD Soundsystem
57%
189. LonerismTame Impala
57%
52. CLPPNGclipping.
55%
72. We got it from here... Thank You 4 Your serviceA Tribe Called Quest
54%
19. Let England ShakePJ Harvey
52%
159. DaytonaPusha T
52%
53. ...Like ClockworkQueens of the Stone Age
52%
51. Teens of DenialCar Seat Headrest
51%
30. VeteranJPEGMAFIA
51%
192. Carrie & LowellSufjan Stevens
51%
99. VulnicuraBjork
49%
47. Bonito GenerationKero Kero Bonito
49%
46. PiñataFreddie Gibbs & Madlib
48%
173. Die LitPlayboi Carti
48%
152. CtrlSZA
48%
81. Titanic RisingWeyes Blood
48%
154. The SuburbsArcade Fire
46%
102. You're Dead! | 36. CosmogrammaFlying Lotus
46%
18. A Crow Looked at MeMount Eerie
46%
33. Girl with Basket of Fruit | 73. Plays The Music of Twin PeaksXiu Xiu
46%
112. OIL OF EVERY PEARL'S UN-INSIDESSOPHIE
45%
45. Teen DreamBeach House
43%
29. 4eva Is A Mighty Long TimeBig K.R.I.T
43%
59. Boarding House ReachJack White
43%
101. Infest the Rats' Nest | 66. Nonagon InfinityKing Gizzard and the Lizard Wizard
43%
109. Joy as an Act of ResistanceIdles
42%
71. The ArchAndroidJanelle Monáe
42%
67. R.A.P. MusicKiller Mike
40%
17. Benji | 57. Common As Light and Love Are Red Valleys of BloodSun Kil Moon
40%
76. GREY AreaLittle Simz
38%
96. LP1FKA twigs
37%
25. CaligulaLingua Ignota
37%
136. Cuz I Love YouLizzo
37%
190. TrilogyThe Weeknd
37%
155. ContraVampire Weekend
37%
28. pom pomAriel Pink
35%
14. The EpicKamasi Washington
35%
195. FacesMac Miller
35%
106. Ravedeath, 1972 | 9. VirginsTim Hecker
35%
175. OxnardAnderson .Paak
34%
151. SunbatherDeafheaven
34%
138. Minecraft, Volume AlphaC418
32%
110. TA1300Denzel Curry
32%
16. Have One On MeJoanna Newsom
32%
163. A Seat at the TableSolange
32%
41. Plowing Into the Field of LoveIceage
31%
137. Purple MountainsPurple Mountains
31%
194. Whack WorldTierra Whack
31%
143. Halcyon DigestDeerhunter
29%
130. WORRY.Jeff Rosenstock
29%
191. Mista Thug IsolationLil Ugly Mane
29%
117. Nothing Great About Britainslowthai
29%
70. Shaking the HabitualThe Knife
29%
44. 2012 - 2017Against All Logic
28%
160. BBNG2BADBADNOTGOOD
28%
27. The SatanistBehemoth
28%
85. KaputtDestroyer
28%
79. FlamboyantDorian Electra
28%
49. MelioraGhost
28%
37. H.A.Q.Q.Liturgy
28%
78. Los ángelesRosalia
28%
148. FlockaveliWaka Flocka Flame
28%
84. History Will Absolve MeBilly Woods
26%
65. Black MessiahD'Angelo and The Vanguard
26%
200. My Teenage Dream EndedFarrah Abraham
26%
171. 'Allelujah! Don't Bend! Ascend!Godspeed You! Black Emperor
26%
129. FlossInjury Reserve
26%
168. God's FatherLil B
26%
24. Musas Vol. 2Natalia Lafourcade
26%
150. Room 25Noname
26%
75. No Shape | 91. Put Your Back N 2 ItPerfume Genius
26%
68. Bish BoschScott Walker
26%
80. Itekoma HitsOtoboke Beaver
25%
92. Still BrazyYG
25%
64. A I A : Dream Loss + A I A : Alien ObserverGrouper
23%
131. Neo Wax BloomIglooghost
23%
15. OndatropicaOndatropica
23%
103. Brick Body Kids Still DaydreamOpen Mike Eagle
23%
149. Strange MercySt. Vincent
23%
63. Gloss DropBattles
22%
140. You Want It DarkerLeonard Cohen
22%
77. Miami MemoryAlex Cameron
20%
119. IsolationKali Uchis
20%
135. Mouth MoodsNeil Cicierega
20%
89. Space Is Only NoiseNicolas Jaar
20%
22. 2020Richard Dawson
20%
31. Black UpShabazz Palaces
20%
23. The Way OutThe Books
20%
61. The Underside of PowerAlgiers
18%
113. My WomanAngel Olsen
18%
153. Chuck Person's Eccojams Vol. 1Chuck Person
18%
34. Have You in My WildernessJulia Holter
18%
123. OrcOh Sees
18%
62. ReplicaOneohtrix Point Never
18%
104. A Quiet Farewell, 2016-2018Slauson Malone
18%
83. Your Queen is a ReptileSons of Kemet
18%
162. A Sailor's Guide to EarthSturgill Simpson
18%
55. Knife ManAJJ
17%
42. FetchMelt-Banana
17%
196. An Empty Bliss Beyond This WorldThe Caretaker
17%
26. Public StrainWomen
17%
142. ParaffinArmand Hammer
15%
139. New History Warfare Vol. 2: JudgesColin Stetson
15%
179. Get To HeavenEverything Everything
15%
39. There Is Love in YouFour Tet
15%
87. harutosyuraHaru Nemuri
15%
60. BravadoKirin J Callinan
15%
188. Wakin on a Pretty DazeKurt Vile
15%
35. Unsilent DeathNails
15%
132. The SciencesSleep
15%
199. The MonitorTitus Andronicus
15%
43. No NowClarence Clarity
14%
90. Frozen Niagara FallsPrurient
14%
146. So It GoesRatking
14%
118. Stage FourTouché Amoré
14%
169. Da Mind of TraxmanTraxman
14%
198. Street WormsViagra Boys
14%
164. Control SystemAb-Soul
12%
56. Teethed Glory and InjuryAltar of Plagues
12%
182. ExaiAutechre
12%
177. Breakup SongDeerhoof
12%
197. SlideGeorge Clanton
12%
167. Far Side VirtualJames Ferraro
12%
183. ImmunityJon Hopkins
12%
58. COIN COIN Chapter Four: MemphisMatana Roberts
12%
121. Thin Black DukeOxbow
12%
97. Remember Us to LifeRegina Spektor
12%
122. 93 Million MilesAfrica Hitech
11%
93. Beyond the Fleeting GalesCrying
11%
120. Black MetalDean Blunt
11%
40. Natural HistoryDope Body
11%
170. I'm New HereGil Scott-Heron
11%
95. Years Past MatterKrallice
11%
144. KvelertakKvelertak
11%
69. MessLiars
11%
107. Perils from the SeaMark Kozelek & Jimmy LaValle
11%
174. Portico QuartetPortico Quartet
11%
116. New York TelephoneUncommon Nasa
11%
38. Marrow of the SpiritAgalloch
9%
114. ITAlan Vega
9%
128. In Love With OblivionCrystal Stilts
9%
74. CrusherGrave Babies
9%
32. WildlifeLa Dispute
9%
125. Blood DonationMariam the Believer
9%
193. VEGA INTL. Night SchoolNeon Indian
9%
141. Hot DreamsTimber Timbre
9%
108. In a Poem UnlimitedU.S. Girls
9%
185. Dream RiverBill Callahan
8%
156. AbyssChelsea Wolfe
8%
165. All We Love We Leave BehindConverge
8%
186. Colored SandGorguts
8%
124. IdolHorrendous
8%
158. From All PurityIndian
8%
111. Scar SightedLeviathan
8%
176. ThroatLittle Women
8%
172. Nanda CollectionKyary Pamyu Pamyu
6%
147. Roads to the NorthPanopticon
6%
133. HowlThis Routine Is Hell
6%
105. PolyhymniaYazz Ahmed
6%
145. LuminiferousHigh on Fire
5%
157. Sweet Heart Sweet LightSpiritualized
5%

Score Distribution

Percentile by Number Answered

Percent of People with Each Score

Your Score History

You have not taken this quiz